Central Library OPAC University of Rajshahi

The crisis of the aristocracy, 1558-1641 / (Record no. 1619)

MARC details
000 -LEADER
fixed length control field 00956cam a2200325 a 4500
001 - CONTROL NUMBER
control field 1619
003 - CONTROL NUMBER IDENTIFIER
rucl marc code BD-RjUL
005 - DATE AND TIME OF LATEST TRANSACTION
control field 20211208233355.0
008 - FIXED-LENGTH DATA ELEMENTS--GENERAL INFORMATION
fixed length control field 131208s1967 enka 001 0 eng
035 ## - SYSTEM CONTROL NUMBER
System control number 67-17866
System control number (BD-RjUL)1646
040 ## - CATALOGING SOURCE
Original cataloging agency DLC
Transcribing agency WSU
Modifying agency m.c
-- OCL
-- BD-RjUL
Language of cataloging eng
041 ## - LANGUAGE CODE
Language code of text/sound track or separate title eng
082 04 - DEWEY DECIMAL CLASSIFICATION NUMBER
Classification number 301.441
Author mark and year STC 1967
100 1# - MAIN ENTRY--PERSONAL NAME
Personal name Stone, Lawrence.
9 (RLIN) 5351
245 14 - TITLE STATEMENT
Title The crisis of the aristocracy, 1558-1641 /
Statement of responsibility, etc. Lawrence Stone.
250 ## - EDITION STATEMENT
Edition statement Abridged ed.
260 ## - PUBLICATION, DISTRIBUTION, ETC. (IMPRINT)
Place of publication, distribution, etc. Oxford University Press :
Name of publisher, distributor, etc. London,
Date of publication, distribution, etc. c1967
300 ## - PHYSICAL DESCRIPTION
Pagination xiii, 363 p. :
Illustrations ill. ;
Size 21 cm.
490 1# - SERIES STATEMENT
Series statement Galaxy book ;
Volume/sequential designation GB 196
504 ## - BIBLIOGRAPHY, ETC. NOTE
Bibliography, etc Includes index.
650 #0 - SUBJECT ADDED ENTRY--TOPICAL TERM
Topical term or geographic name as entry element Upper class
Geographic subdivision Great Britain.
9 (RLIN) 5352
Topical term or geographic name as entry element Nobility
Geographic subdivision Great Britain.
9 (RLIN) 5353
651 #0 - SUBJECT ADDED ENTRY--GEOGRAPHIC NAME
Geographic name Great Britain
General subdivision Civilization
Chronological subdivision 16th century.
9 (RLIN) 5354
830 #0 - SERIES ADDED ENTRY--UNIFORM TITLE
Volume number/sequential designation GB 196
Uniform title Galaxy book ;
942 ## - ADDED ENTRY ELEMENTS (KOHA)
Source of classification or shelving scheme Dewey Decimal Classification
Koha item type Books
Holdings
Lost status Source of classification or shelving scheme Damaged status Not for loan Collection code Permanent Location Current Location Shelving location Date acquired Source of acquisition Cost, normal purchase price Total Checkouts Full call number Date last seen Copy number Koha item type
  Dewey Decimal Classification   Not For Loan Non-fiction Central Library, University of Rajshahi Central Library, University of Rajshahi Reading Room 31/12/1968 Zeitlinger 17.60   301.441 STC 1967 08/12/2013 C-1 Books